000 00280nam a22001337a 4500
008 180504b xxu||||| |||| 00| 0 eng d
020 _a9789928195203
041 _aeng
080 _a32
100 _a20
101 _aSHP
245 _aIde Politike
_cStarova,A
942 _2udc
_cBK
999 _c45683
_d45683